000 02357cam a22005174a 4500
001 muse13340
003 MdBmJHUP
005 20210127150935.0
006 m o d
007 cr||||||||nn|n
008 070719s2007 utu o 00 0 eng d
010 _z 2007029969
020 _a9780874216752
020 _z9780874216738 (hardback : alk. paper)
020 _z0874216737 (hardback : alk. paper)
020 _a0874216753
020 _z9780874216745 (pbk. : alk. paper)
020 _z0874216745 (pbk. : alk. paper)
035 _a(OCoLC)646819461
040 _aMdBmJHUP
_cMdBmJHUP
050 0 4 _aPN1994
_b.F545 2007
082 0 _a791.43
_222
245 0 0 _aFolklore/Cinema
_bPopular Film as Vernacular Culture /
_cedited by Sharon R. Sherman and Mikel J. Koven.
264 1 _bUtah State University Press,
264 3 _bProject MUSE,
300 _a1 online resource (232 p.) :
_bill. ;
504 _aIncludes bibliographical references and index.
505 0 _a"I' y ava't un' fois" (once upon a time) / Gillian Helfield -- Elvis Gratton / Julie M-A Leblanc -- A strange and foreign world / Rebecca Prime -- Pc Pinocchios / Holly Blackford -- From jinn to genies / Mark Allen Peterson -- "Now that I have it, I don't want it" / James A. Miller -- Märchen as trauma narrative / Margarete Johanna Landwehr -- The three faces in Eve's bayou / Tarshia L. Stanley -- Allegories of the undead / Carol E. Henderson -- The virgin victim / K.A. Laity -- Beyond communitas / LuAnne Roth.
506 0 _aOpen Access
_fUnrestricted online access
_2star
588 _aDescription based on print version record.
650 0 _aCulture in motion pictures.
650 0 _aFolklore in motion pictures.
650 0 _aMotion pictures.
655 7 _aElectronic books.
_2local
700 1 _aKoven, Mikel J.
700 1 _aSherman, Sharon R.,
_d1943-
710 2 _aProject Muse.
_edistributor
830 0 _aBook collections on Project MUSE.
856 4 0 _zFull text available:
_uhttps://muse.jhu.edu/book/9394/
945 _aProject MUSE - Archive Film, Theater and Performing Arts Foundation
945 _aProject MUSE - Archive Complete Foundation
999 _c24043
_d24043